| Tag |
First Indicator |
Second Indicator |
Subfields |
| LEADER |
00000cam a2200000 a 4500 |
| 001 |
in00000087848 |
| 005 |
20151008063031.0 |
| 008 |
790910s1980 nyua 00010aengm |
| 010 |
|
|
|a 79021426
|
| 020 |
|
|
|a 0688035299
|
| 035 |
|
|
|a (OCoLC)05497968
|
| 035 |
|
|
|9 AAK1442AM
|
| 040 |
|
|
|a DLC
|c DLC
|d VET
|d m.c.
|d TXA
|d UtOrBLW
|
| 041 |
1 |
|
|a eng
|a fre
|
| 043 |
|
|
|a e-fr---
|
| 049 |
|
|
|a [Curr Col] TXAM
|c 1 [933540], 2 [933541]
|
| 050 |
0 |
0 |
|a RC406 P3
|b S4313
|
| 082 |
0 |
|
|a 910/.41
|
| 096 |
|
|
|a WZ 100 S46 1980
|
| 100 |
1 |
|
|a Segal, Patrick,
|d 1948-
|
| 240 |
1 |
0 |
|a Homme qui marchait dans sa tête.
|l English
|
| 245 |
1 |
4 |
|a The man who walked in his head /
|c by Patrick Segal ; translated from the French by John Stephens.
|
| 250 |
|
|
|a 1st ed.
|
| 264 |
|
1 |
|a New York :
|b Morrow,
|c 1980.
|
| 300 |
|
|
|a 254 pages :
|b illustrations ;
|c 22 cm.
|
| 336 |
|
|
|a text
|b txt
|2 rdacontent
|
| 337 |
|
|
|a unmediated
|b n
|2 rdamedia
|
| 338 |
|
|
|a volume
|b nc
|2 rdacarrier
|
| 500 |
|
|
|a Translation of: L'homme qui marchait dans sa tete.
|
| 600 |
1 |
0 |
|a Segal, Patrick,
|d 1948-
|
| 650 |
|
0 |
|a Paraplegics
|z France
|x Biography.
|
| 650 |
|
2 |
|a Paraplegia
|z France
|x biography.
|
| 999 |
|
|
|a MARS
|
| 999 |
f |
f |
|s 9ac60d5c-6ede-3274-9def-68d4d1c6acc9
|i 5c643048-a328-385c-8c89-0c64ba9d9587
|t 0
|
| 952 |
f |
f |
|p ric
|a Texas A&M University
|b Rellis Campus
|c Joint Library Facility
|d Remote Storage
|t 0
|e RC406 P3 S4313
|h Library of Congress classification
|i unmediated -- volume
|m A14805972699
|
| 998 |
f |
f |
|a RC406 P3 S4313
|t 0
|l Remote Storage
|